[Event "Mariupol CC 50th Aniversary"]
[Site "Mariupol"]
[Date "2021.06.11"]
[Round "5"]
[White "Zubarev, Alexander2"]
[Black "Skliar, Andrey"]
[Result "1/2-1/2"]
[WhiteElo "2443"]
[BlackElo "2251"]
[PlyCount "59"]
[EventDate "2021.06.08"]
[EventType "swiss"]
[EventRounds "9"]
[EventCountry "UKR"]
[SourceTitle "CBM 203 Extra"]
[Source "ChessBase"]
[SourceDate "2021.09.30"]
[SourceVersion "1"]
[SourceVersionDate "2021.09.30"]
[SourceQuality "1"]

1. e4 e6 2. d4 d5 3. Nd2 a6 4. Ngf3 c5 5. exd5 exd5 6. Be2 c4 7. 0-0 Nf6 8. b3 cxb3 9. axb3 Be7 10. Ba3 Bxa3 11. Rxa3 0-0 12. Bd3 Nc6 13. c3 Bg4 14. b4 Re8 15. h3 Bh5 16. Re1 Qd6 17. Ra1 Rxe1+ 18. Qxe1 Re8 19. Qb1 Bg6 20. Bxg6 hxg6 21. b5 axb5 22. Qxb5 Qc7 23. Ra3 Qd6 24. Ra1 Qc7 25. Nf1 Ne7 26. Ra7 Rb8 27. Ne3 Ne4 28. Nxd5 Nxd5 29. Qxd5 Nxc3 30. Qe5 1/2-1/2

[Event "Mariupol CC 50th Aniversary"]
[Site "Mariupol"]
[Date "2021.06.10"]
[Round "4"]
[White "Skliar, Andrey"]
[Black "Polyakov, Maxim"]
[Result "1/2-1/2"]
[WhiteElo "2251"]
[BlackElo "2375"]
[PlyCount "36"]
[EventDate "2021.06.08"]
[EventType "swiss"]
[EventRounds "9"]
[EventCountry "UKR"]
[SourceTitle "CBM 203 Extra"]
[Source "ChessBase"]
[SourceDate "2021.09.30"]
[SourceVersion "1"]
[SourceVersionDate "2021.09.30"]
[SourceQuality "1"]

1. e4 c5 2. Nf3 Nc6 3. c3 Nf6 4. e5 Nd5 5. Bc4 Nb6 6. Bb3 d6 7. exd6 Qxd6 8. 0-0 c4 9. Bc2 Bg4 10. Qe2 Qe6 11. Qxe6 Bxe6 12. Ng5 Bd5 13. Nxh7 0-0-0 14. Nxf8 Rhxf8 15. d4 cxd3 16. Bxd3 Bxa2 17. Bf5+ e6 18. Rxa2 exf5 1/2-1/2

[Event "UKR-ch sf"]
[Site "Alushta"]
[Date "2008.05.19"]
[Round "9"]
[White "Skliar, Andrey"]
[Black "Varchenko, Grigory"]
[Result "1-0"]
[WhiteElo "2313"]
[BlackElo "2210"]
[PlyCount "90"]
[EventDate "2008.05.10"]
[EventType "swiss"]
[EventRounds "9"]
[EventCountry "UKR"]
[SourceTitle "CBM 124 Extra"]
[Source "ChessBase"]
[SourceDate "2008.07.03"]
[SourceVersion "1"]
[SourceVersionDate "2008.07.03"]
[SourceQuality "1"]

1. e4 c5 2. Nf3 Nc6 3. c3 d6 4. d4 cxd4 5. cxd4 e6 6. Nc3 Nf6 7. Bd3 Be7 8. 0-0 e5 9. d5 Nb8 10. h3 0-0 11. Be3 Nbd7 12. Rc1 a6 13. a4 b6 14. b4 Nh5 15. Re1 g6 16. Qd2 Ng7 17. Bh6 Kh8 18. Qc2 Bb7 19. Nd1 Rc8 20. Qe2 Rxc1 21. Bxc1 Qa8 22. Nd2 Bg5 23. Ne3 f5 24. Ndc4 f4 25. Nf1 Be7 26. f3 g5 27. Ba3 h5 28. Rc1 Ne8 29. b5 a5 30. Qf2 Qd8 31. Be2 Rg8 32. Nfd2 g4 33. fxg4 Bh4 34. Qf1 hxg4 35. Bxg4 Ndf6 36. Bf5 Nh5 37. Qf3 Ng3 38. Bg4 Rg7 39. Nf1 Rc7 40. Nxg3 Bxg3 41. Kf1 Nf6 42. Ke2 Bc8 43. Bxc8 Qxc8 44. Kd3 Rc5 45. Bxc5 bxc5 1-0

[Event "UKR-ch sf"]
[Site "Alushta"]
[Date "2008.05.18"]
[Round "8"]
[White "Shankovsky, Andriy"]
[Black "Skliar, Andrey"]
[Result "1/2-1/2"]
[WhiteElo "2252"]
[BlackElo "2313"]
[PlyCount "173"]
[EventDate "2008.05.10"]
[EventType "swiss"]
[EventRounds "9"]
[EventCountry "UKR"]
[SourceTitle "CBM 124 Extra"]
[Source "ChessBase"]
[SourceDate "2008.07.03"]
[SourceVersion "1"]
[SourceVersionDate "2008.07.03"]
[SourceQuality "1"]

1. e4 c5 2. Nf3 e6 3. c4 Nc6 4. Nc3 Nf6 5. d4 cxd4 6. Nxd4 d6 7. Be2 Be7 8. 0-0 0-0 9. Nc2 b6 10. Qd2 Bb7 11. Rd1 Rc8 12. f3 Qc7 13. Ne3 a6 14. b3 Qb8 15. Kh1 Ne5 16. Ba3 Rfd8 17. Qe1 Ng6 18. Rd4 Bc6 19. Rad1 Ne8 20. Bb2 Bf6 21. R4d2 b5 22. Bf1 Qb6 23. g3 b4 24. Nb1 Bxb2 25. Rxb2 f5 26. Nd2 Ne5 27. f4 Qd4 28. Rbb1 Nd3 29. Nc2 Bxe4+ 30. Nxe4 Qxe4+ 31. Qxe4 Nf2+ 32. Kg1 Nxe4 33. Ra1 a5 34. a3 Nc5 35. Rdb1 Rb8 36. axb4 axb4 37. Nd4 Rdc8 38. Bg2 Nf6 39. Nc6 Rb7 40. Na7 Rxa7 41. Rxa7 Nfe4 42. Bxe4 fxe4 43. Rba1 Nxb3 44. Rb1 Nd4 45. Rd7 Rxc4 46. Rxd6 e3 47. Rd7 h5 48. Kf1 Kh7 49. Rxd4 Rxd4 50. Ke2 Rd2+ 51. Kxe3 Rxh2 52. Rxb4 Kg6 53. Rb5 Kf6 54. Kf3 g6 55. Rb8 Ra2 56. Rf8+ Ke7 57. Rg8 Kf7 58. Rb8 Ra3+ 59. Kg2 Ra5 60. Kf3 g5 61. fxg5 Rxg5 62. Kf4 Rg4+ 63. Kf3 Ra4 64. Rh8 Ra5 65. Kf4 Kg7 66. Re8 Rf5+ 67. Ke4 Kf7 68. Rh8 Ke7 69. Ra8 Rb5 70. Rh8 Kf7 71. Ra8 Rg5 72. Kf4 Rg4+ 73. Kf3 Rb4 74. Rh8 Kg6 75. Rg8+ Kf6 76. Rf8+ Ke5 77. Rh8 Rb3+ 78. Kf2 Ke4 79. Rxh5 Rb2+ 80. Ke1 e5 81. g4 Kd4 82. Rh3 Rg2 83. Ra3 e4 84. g5 Rxg5 85. Ke2 Rg2+ 86. Ke1 Rc2 87. Rh3 1/2-1/2

[Event "UKR-ch sf"]
[Site "Alushta"]
[Date "2008.05.16"]
[Round "6"]
[White "Shamshin, Rudolf"]
[Black "Skliar, Andrey"]
[Result "0-1"]
[WhiteElo "2225"]
[BlackElo "2313"]
[PlyCount "42"]
[EventDate "2008.05.10"]
[EventType "swiss"]
[EventRounds "9"]
[EventCountry "UKR"]
[SourceTitle "CBM 124 Extra"]
[Source "ChessBase"]
[SourceDate "2008.07.03"]
[SourceVersion "1"]
[SourceVersionDate "2008.07.03"]
[SourceQuality "1"]

1. e4 e6 2. d4 d5 3. e5 c5 4. c3 Qb6 5. Nf3 Nc6 6. a3 Bd7 7. b4 cxd4 8. cxd4 Rc8 9. Bb2 Na5 10. Nbd2 Nc4 11. Bxc4 dxc4 12. Rc1 Qa6 13. Ne4 Bc6 14. Nfg5 h6 15. Qh5 g6 16. Qh4 hxg5 17. Qxh8 Bxe4 18. Qxg8 c3 19. f3 Qd3 20. Kf2 Qxd4+ 21. Kg3 Bc2 0-1

[Event "UKR-ch sf"]
[Site "Alushta"]
[Date "2008.05.15"]
[Round "5"]
[White "Skliar, Andrey"]
[Black "Borzov, Dmitri"]
[Result "1/2-1/2"]
[WhiteElo "2313"]
[BlackElo "2200"]
[PlyCount "87"]
[EventDate "2008.05.10"]
[EventType "swiss"]
[EventRounds "9"]
[EventCountry "UKR"]
[SourceTitle "CBM 124 Extra"]
[Source "ChessBase"]
[SourceDate "2008.07.03"]
[SourceVersion "1"]
[SourceVersionDate "2008.07.03"]
[SourceQuality "1"]

1. e4 d6 2. d4 Nf6 3. Nc3 g6 4. f4 Bg7 5. Nf3 c5 6. Bb5+ Bd7 7. e5 Ng4 8. Bxd7+ Qxd7 9. d5 dxe5 10. h3 e4 11. hxg4 exf3 12. Qxf3 Qc7 13. Bd2 Nd7 14. 0-0-0 0-0-0 15. Nb5 Qb6 16. Bc3 Bxc3 17. Nxc3 Nf6 18. g5 Ne8 19. Qe3 Qc7 20. Rh3 Nd6 21. g4 Rde8 22. Ne4 b6 23. b3 Kb8 24. Kb1 Nxe4 25. Qxe4 Qd6 26. Qe5 Kc7 27. Rdh1 e6 28. Rxh7 Rxh7 29. Rxh7 Qxe5 30. fxe5 exd5 31. Rxf7+ Kd8 32. Rg7 Rxe5 33. Rxg6 Kd7 34. a4 Re4 35. Kb2 Rxg4 36. Rg7+ Kc6 37. g6 a6 38. Rg8 d4 39. Kc1 Rg2 40. Kd1 Kb7 41. Kc1 Kc6 42. Kb1 Rg1+ 43. Kb2 Kb7 44. g7 1/2-1/2

[Event "UKR-ch qual"]
[Site "Alushta"]
[Date "2007.05.16"]
[Round "6"]
[White "Kuchin, Pavel"]
[Black "Skliar, Andrey"]
[Result "0-1"]
[WhiteElo "2005"]
[BlackElo "2346"]
[PlyCount "64"]
[EventDate "2007.05.11"]
[EventType "swiss"]
[EventRounds "9"]
[EventCountry "UKR"]
[SourceTitle "EXT 2008"]
[Source "ChessBase"]
[SourceDate "2007.11.25"]
[SourceVersion "1"]
[SourceVersionDate "2007.11.25"]
[SourceQuality "1"]

1. Nf3 f5 2. d4 Nf6 3. Bg5 e6 4. e3 Be7 5. c4 0-0 6. Nc3 d6 7. Bd3 Nc6 8. Bc2 Qe8 9. d5 Nb4 10. Ba4 Qg6 11. a3 Na6 12. dxe6 Bxe6 13. Qe2 h6 14. Nd4 Bc8 15. Bxf6 Bxf6 16. Qf3 Nc5 17. 0-0-0 Nxa4 18. Nxa4 f4 19. Qd5+ Kh8 20. exf4 Bd7 21. Nc3 Bc6 22. Nxc6 bxc6 23. Qe4 Qh5 24. Rd3 Qc5 25. Re1 Qxf2 26. Re2 Qg1+ 27. Kc2 Rae8 28. Qxc6 Rb8 29. Rd1 Rxb2+ 30. Kxb2 Qxd1 31. Re8 Qd2+ 32. Kb1 Qd3+ 0-1

[Event "UKR-ch sf"]
[Site "Alushta"]
[Date "2005.05.24"]
[Round "9"]
[White "Kovytev, Nikolay"]
[Black "Skliar, Andrey"]
[Result "0-1"]
[WhiteElo "2178"]
[BlackElo "2345"]
[PlyCount "62"]
[EventDate "2005.05.16"]
[EventType "swiss"]
[EventRounds "9"]
[EventCountry "UKR"]
[SourceTitle "CBM 106 Extra"]
[Source "ChessBase"]
[SourceDate "2005.07.01"]
[SourceVersion "1"]
[SourceVersionDate "2005.07.01"]
[SourceQuality "1"]

1. Nf3 d5 2. e3 c6 3. c4 e6 4. b3 f5 5. Bb2 Nf6 6. Be2 Bd6 7. 0-0 0-0 8. Qc2 Qe8 9. Be5 Be7 10. h3 Nbd7 11. Bh2 Ne4 12. d3 Bf6 13. dxe4 Bxa1 14. e5 g5 15. g4 fxg4 16. Nxg5 Qe7 17. Nxe6 Qxe6 18. Bxg4 Qg6 19. Qxg6+ hxg6 20. f4 Nc5 21. cxd5 cxd5 22. Na3 Bxe5 23. Bf3 Bf6 24. Nb5 Be6 25. f5 Bxf5 26. Bd6 Ne4 27. Bxf8 Rxf8 28. Rd1 Bg5 29. Rxd5 Bxe3+ 30. Kh1 Nf2+ 31. Kh2 Be6 0-1

[Event "UKR-ch sf"]
[Site "Alushta"]
[Date "2005.05.23"]
[Round "8"]
[White "Skliar, Andrey"]
[Black "Kaliuzhny, Andrey"]
[Result "1-0"]
[WhiteElo "2345"]
[BlackElo "2218"]
[PlyCount "79"]
[EventDate "2005.05.16"]
[EventType "swiss"]
[EventRounds "9"]
[EventCountry "UKR"]
[SourceTitle "CBM 106 Extra"]
[Source "ChessBase"]
[SourceDate "2005.07.01"]
[SourceVersion "1"]
[SourceVersionDate "2005.07.01"]
[SourceQuality "1"]

1. e4 g6 2. d4 Bg7 3. Nc3 d6 4. f4 Nf6 5. Nf3 0-0 6. Be3 c6 7. a4 Qa5 8. Bd3 e5 9. dxe5 Ng4 10. Bd2 Qc5 11. Qe2 dxe5 12. h3 Nf6 13. Nxe5 Nh5 14. Qf2 Qxf2+ 15. Kxf2 Bxe5 16. fxe5 Re8 17. g4 Ng7 18. Kg3 Nd7 19. h4 Nxe5 20. Be2 Be6 21. Bf4 f6 22. g5 Nd7 23. Rad1 fxg5 24. hxg5 Nf8 25. b4 Bf7 26. Be3 a6 27. Bb6 Nge6 28. Kh4 Nf4 29. Bf3 N4e6 30. Rd6 Kg7 31. Rhd1 h6 32. gxh6+ Kxh6 33. Be3+ Kg7 34. Kg3 Kf6 35. Nd5+ Kg7 36. Rh1 Rad8 37. Bh6+ Kh8 38. Nf6 Nh7 39. Nxe8 Rxe8 40. Rd7 1-0

[Event "UKR-ch sf"]
[Site "Alushta"]
[Date "2005.05.22"]
[Round "7"]
[White "Ipatov, Alexander"]
[Black "Skliar, Andrey"]
[Result "0-1"]
[WhiteElo "2096"]
[BlackElo "2345"]
[PlyCount "126"]
[EventDate "2005.05.16"]
[EventType "swiss"]
[EventRounds "9"]
[EventCountry "UKR"]
[SourceTitle "CBM 106 Extra"]
[Source "ChessBase"]
[SourceDate "2005.07.01"]
[SourceVersion "1"]
[SourceVersionDate "2005.07.01"]
[SourceQuality "1"]

1. d4 d5 2. c4 dxc4 3. Nf3 Nf6 4. e3 e6 5. Bxc4 c5 6. Qe2 Nc6 7. 0-0 a6 8. Nc3 Be7 9. Rd1 Qc7 10. d5 exd5 11. Nxd5 Nxd5 12. Bxd5 0-0 13. e4 Bg4 14. Bxc6 Qxc6 15. h3 Be6 16. Bf4 Rfd8 17. b3 h6 18. Ne5 Qe8 19. Nc4 Rxd1+ 20. Rxd1 Rd8 21. Ne3 Bf6 22. Rxd8 Qxd8 23. Qf3 Qd4 24. Nd5 Be5 25. Bxe5 Qxe5 26. Qf4 Qxf4 27. Nxf4 Bd7 28. Nd3 b6 29. f3 Kf8 30. Kf2 Ke7 31. Ke3 Kd6 32. Nb2 Be6 33. f4 f6 34. Nc4+ Kc6 35. Kd3 b5 36. Ne3 Kd6 37. h4 Bd7 38. h5 Be6 39. g4 Ke7 40. Nf5+ Kd7 41. Ne3 Ke8 42. Nf5 Kf7 43. Nd6+ Kf8 44. Nf5 c4+ 45. Kc3 a5 46. b4 axb4+ 47. Kxb4 Bd7 48. Ne3 Bc6 49. Nd5 Bxd5 50. exd5 Ke7 51. Kc3 Kd7 52. Kd4 Kd6 53. a3 Kc7 54. Ke4 f5+ 55. gxf5 Kd6 56. Kd4 Ke7 57. f6+ gxf6 58. Ke4 Kd6 59. Kd4 f5 60. a4 bxa4 61. Kxc4 a3 62. Kb3 Kxd5 63. Kxa3 Ke4 0-1

[Event "UKR-ch sf"]
[Site "Alushta"]
[Date "2005.05.18"]
[Round "3"]
[White "Kononenko, Dmitry"]
[Black "Skliar, Andrey"]
[Result "1/2-1/2"]
[WhiteElo "2437"]
[BlackElo "2345"]
[PlyCount "63"]
[EventDate "2005.05.16"]
[EventType "swiss"]
[EventRounds "9"]
[EventCountry "UKR"]
[SourceTitle "CBM 106 Extra"]
[Source "ChessBase"]
[SourceDate "2005.07.01"]
[SourceVersion "1"]
[SourceVersionDate "2005.07.01"]
[SourceQuality "1"]

1. e4 e6 2. d4 d5 3. e5 c5 4. c3 Qb6 5. Nf3 Nc6 6. a3 Bd7 7. b4 cxd4 8. cxd4 Rc8 9. Bb2 Na5 10. Nbd2 Nc4 11. Nxc4 dxc4 12. Rc1 Qa6 13. d5 exd5 14. Qxd5 Ne7 15. Qe4 b5 16. Nd4 Qg6 17. Qb7 Nc6 18. Be2 Nxd4 19. Bxd4 Qc6 20. Bf3 Qxb7 21. Bxb7 Rc7 22. Ba6 Bc6 23. 0-0 Be7 24. a4 0-0 25. axb5 Bd5 26. Bc3 Be6 27. Rfd1 Rd8 28. Rxd8+ Bxd8 29. Rd1 Be7 30. f4 h5 31. Kf2 Kh7 32. Ke3 1/2-1/2

[Event "UKR-ch sf"]
[Site "Alushta"]
[Date "2004.05.11"]
[Round "8"]
[White "Baranov, Jury"]
[Black "Skliar, Andrey"]
[Result "1/2-1/2"]
[WhiteElo "2279"]
[BlackElo "2339"]
[PlyCount "155"]
[EventDate "2004.05.04"]
[EventType "swiss"]
[EventRounds "9"]
[EventCountry "UKR"]
[SourceTitle "EXT 2005"]
[Source "ChessBase"]
[SourceDate "2004.11.15"]
[SourceVersion "1"]
[SourceVersionDate "2004.11.15"]
[SourceQuality "1"]

1. d4 d5 2. c4 dxc4 3. Nf3 Nf6 4. e3 e6 5. Bxc4 c5 6. Nc3 a6 7. 0-0 b5 8. Bb3 cxd4 9. exd4 Bb7 10. Bg5 Be7 11. a3 Nc6 12. Re1 0-0 13. Qd3 Re8 14. Rad1 b4 15. Bc2 g6 16. Na4 bxa3 17. bxa3 Nd7 18. Bf4 Na5 19. Nb2 Nf6 20. Ba4 Bc6 21. Rc1 Nd5 22. Bd2 Bb5 23. Bxb5 axb5 24. Qxb5 Bxa3 25. Ra1 Rb8 26. Qxa5 Qxa5 27. Bxa5 Bxb2 28. Rab1 Rec8 29. Bd2 Kg7 30. Red1 Ba3 31. Rxb8 Rxb8 32. Kf1 Bd6 33. h3 Rb2 34. Ne5 Rc2 35. Ke1 Ba3 36. Rb1 Rc7 37. Rb3 Bd6 38. Ke2 Ra7 39. Rb2 Ra4 40. Nf3 Ra7 41. Ne5 h6 42. g3 Ne7 43. Bxh6+ Kg8 44. Nc4 Bc7 45. Bg5 Nd5 46. Bd2 Kg7 47. Ne3 Nf6 48. Kf3 Ra3 49. Bb4 Rd3 50. Bc5 Rc3 51. Rc2 Rxc2 52. Nxc2 Nd5 53. Nb4 Nxb4 54. Bxb4 f6 55. Ke4 Kf7 56. g4 Bd8 57. Kd3 f5 58. Bd6 Bh4 59. Ke2 Bf6 60. Ke3 Bg5+ 61. Bf4 Bd8 62. Bg3 Bg5+ 63. Kd3 fxg4 64. hxg4 Bd8 65. Be5 Bh4 66. f3 Bd8 67. Kc4 Ke8 68. Kd3 Kf7 69. Ke4 Bb6 70. Bf4 Bd8 71. Be3 Bc7 72. Bg5 Bd6 73. Kd3 Ke8 74. f4 Bb8 75. Ke4 Kf7 76. f5 gxf5+ 77. gxf5 Ba7 78. d5 1/2-1/2

[Event "UKR-ch sf"]
[Site "Alushta"]
[Date "2004.05.08"]
[Round "5"]
[White "Skliar, Andrey"]
[Black "Kharchenko, Boris"]
[Result "1-0"]
[WhiteElo "2339"]
[BlackElo "2147"]
[PlyCount "89"]
[EventDate "2004.05.04"]
[EventType "swiss"]
[EventRounds "9"]
[EventCountry "UKR"]
[SourceTitle "EXT 2005"]
[Source "ChessBase"]
[SourceDate "2004.11.15"]
[SourceVersion "1"]
[SourceVersionDate "2004.11.15"]
[SourceQuality "1"]

1. e4 e5 2. Nf3 Nc6 3. Bb5 a6 4. Ba4 Nf6 5. 0-0 Be7 6. Re1 b5 7. Bb3 d6 8. c3 0-0 9. h3 Bb7 10. d4 Re8 11. Nbd2 Bf8 12. a4 Na5 13. Bc2 c5 14. d5 c4 15. Nf1 g6 16. g4 Bc8 17. Ng3 Nd7 18. axb5 axb5 19. Be3 Qc7 20. Kh2 Nc5 21. Rg1 Kh8 22. Qe2 Bb7 23. Nd2 Bg7 24. h4 h6 25. g5 Bc8 26. gxh6 Bf6 27. Bg5 Bxg5 28. hxg5 Qd7 29. Rh1 Qg4 30. Qxg4 Bxg4 31. Ra2 Ra6 32. Rha1 Rea8 33. f3 Bd7 34. Ne2 Kh7 35. Kg3 f6 36. f4 exf4+ 37. Kxf4 fxg5+ 38. Kxg5 Rf8 39. Nf4 Na4 40. Rf1 Raa8 41. Raa1 Be8 42. Ne6 Rf7 43. e5 Rxf1 44. Rxf1 Nb6 45. Nc7 1-0

[Event "UKR-ch sf"]
[Site "Alushta"]
[Date "2004.05.05"]
[Round "2"]
[White "Kryvoruchko, Yuriy"]
[Black "Skliar, Andrey"]
[Result "1-0"]
[WhiteElo "2405"]
[BlackElo "2339"]
[PlyCount "77"]
[EventDate "2004.05.04"]
[EventType "swiss"]
[EventRounds "9"]
[EventCountry "UKR"]
[SourceTitle "EXT 2005"]
[Source "ChessBase"]
[SourceDate "2004.11.15"]
[SourceVersion "1"]
[SourceVersionDate "2004.11.15"]
[SourceQuality "1"]

1. e4 e6 2. d4 d5 3. Nd2 a6 4. Ngf3 c5 5. exd5 exd5 6. dxc5 Bxc5 7. Nb3 Bb6 8. Bd3 Qe7+ 9. Qe2 Nc6 10. Bg5 f6 11. Bd2 Qxe2+ 12. Kxe2 Bg4 13. Be3 Bxe3 14. Kxe3 Ne5 15. Nxe5 fxe5 16. f3 Bh5 17. Rhe1 0-0-0 18. Kf2 Re8 19. c4 e4 20. fxe4 dxc4 21. Bxc4 Nf6 22. Nc5 Re5 23. b4 Rhe8 24. Rac1 Kb8 25. Bd3 Bg6 26. Kg1 R8e7 27. Re2 Kc7 28. a3 Bh5 29. Re3 Nd5 30. Ree1 Bg6 31. g3 Nf6 32. Re2 Be8 33. a4 Bh5 34. Rb2 Bg6 35. b5 axb5 36. axb5 Nxe4 37. b6+ Kb8 38. Bxe4 Bxe4 39. Rd2 1-0

[Event "Mariupol op"]
[Site "Mariupol"]
[Date "2003.07.19"]
[Round "9"]
[White "Polivanov, Anatoliy"]
[Black "Skliar, Andrey"]
[Result "1/2-1/2"]
[WhiteElo "2425"]
[BlackElo "2266"]
[PlyCount "59"]
[EventDate "2003.07.11"]
[EventType "swiss"]
[EventRounds "10"]
[EventCountry "UKR"]
[SourceTitle "CBM 095 Extra"]
[Source "ChessBase"]
[SourceDate "2003.09.04"]
[SourceVersion "1"]
[SourceVersionDate "2003.09.04"]
[SourceQuality "1"]

1. e4 e6 2. d4 d5 3. Nc3 Bb4 4. Bd2 Ne7 5. Bd3 c5 6. dxc5 Bxc5 7. Nf3 Nbc6 8. a3 d4 9. Ne2 e5 10. Ng3 Ng6 11. 0-0 0-0 12. b4 Bd6 13. Nf5 Nf4 14. Nxd6 Qxd6 15. b5 Nxd3 16. cxd3 Ne7 17. Bb4 Qf6 18. Nd2 Rd8 19. Qf3 Qxf3 20. Nxf3 Ng6 21. g3 Bd7 22. a4 a6 23. b6 Rac8 24. Rfc1 f6 25. Nd2 Nf8 26. Nb3 Rxc1+ 27. Rxc1 Bxa4 28. Be7 Rd7 29. Bxf8 Bxb3 30. Bb4 1/2-1/2

[Event "Mariupol op"]
[Site "Mariupol"]
[Date "2003.07.14"]
[Round "4"]
[White "Skliar, Andrey"]
[Black "Shalimov, Valery"]
[Result "0-1"]
[WhiteElo "2266"]
[BlackElo "2478"]
[PlyCount "120"]
[EventDate "2003.07.11"]
[EventType "swiss"]
[EventRounds "10"]
[EventCountry "UKR"]
[SourceTitle "CBM 095 Extra"]
[Source "ChessBase"]
[SourceDate "2003.09.04"]
[SourceVersion "1"]
[SourceVersionDate "2003.09.04"]
[SourceQuality "1"]

1. e4 c5 2. Nf3 Nc6 3. d4 cxd4 4. Nxd4 g6 5. Nc3 Bg7 6. Nb3 Nf6 7. Be2 0-0 8. 0-0 a6 9. Re1 d6 10. Bf1 Be6 11. Bg5 h6 12. Bh4 Rc8 13. Nd5 Bxd5 14. exd5 Ne5 15. c3 Re8 16. Qd2 Ned7 17. c4 Qb6 18. Rac1 g5 19. Bg3 Nh5 20. Rc2 Nxg3 21. hxg3 Bf6 22. Qe2 Kg7 23. Nd2 Nc5 24. Ne4 Nxe4 25. Qxe4 a5 26. b3 Qb4 27. Re3 a4 28. bxa4 Qxa4 29. Rb3 Qa7 30. Bd3 Rh8 31. c5 Rxc5 32. Rxc5 Qxc5 33. Rxb7 Qa3 34. Bc4 h5 35. Qe3 Qxe3 36. fxe3 Rc8 37. Bd3 Ra8 38. Bc4 Ra4 39. Bb3 Re4 40. Kf2 g4 41. Rc7 Rb4 42. Ke2 Be5 43. Rxe7 Bxg3 44. Rc7 Be5 45. Rc8 Kf6 46. Rc4 Rb8 47. Kf2 Kg5 48. g3 f5 49. Rc1 Bb2 50. Rc4 Ba3 51. Ke2 Re8 52. Bc2 Bc5 53. Rc3 Re5 54. a4 Rxd5 55. Bb3 Re5 56. Rd3 h4 57. gxh4+ Kxh4 58. Bd5 f4 59. a5 Rxe3+ 60. Rxe3 Bxe3 0-1

[Event "UKR-ch"]
[Site "Sevastopol"]
[Date "2000.??.??"]
[Round "2"]
[White "Skliar, Andrey"]
[Black "Kushch, Nikolai"]
[Result "1/2-1/2"]
[WhiteElo "2269"]
[BlackElo "2400"]
[PlyCount "99"]
[EventDate "2000.??.??"]
[EventType "swiss"]
[EventRounds "9"]
[EventCountry "UKR"]
[SourceTitle "EXT 2001"]
[Source "ChessBase"]
[SourceDate "2000.11.22"]
[SourceVersion "1"]
[SourceVersionDate "2000.11.22"]
[SourceQuality "1"]

1. e4 c5 2. c3 d5 3. exd5 Qxd5 4. d4 e6 5. Nf3 Nf6 6. Be2 Nc6 7. 0-0 cxd4 8. cxd4 Be7 9. Nc3 Qd6 10. Nb5 Qd8 11. Ne5 0-0 12. Nxc6 bxc6 13. Nc3 Rb8 14. Qa4 Qc7 15. Rd1 Rd8 16. Qc2 Qa5 17. Bf4 Bd6 18. Be5 Ba6 19. Bxf6 gxf6 20. Bf3 f5 21. a3 Qc7 22. h3 Bc4 23. b4 a5 24. Na4 Bb5 25. Nc5 axb4 26. axb4 Ra8 27. Qc3 Be7 28. Nd3 Rxa1 29. Rxa1 Bxd3 30. Qxd3 Bxb4 31. Qc4 Qb6 32. Ra6 Qxd4 33. Qxd4 Rxd4 34. Rxc6 Bd6 35. Rc2 e5 36. g4 Rf4 37. Kg2 Kg7 38. Rc6 Be7 39. Rc7 Bh4 40. Rc2 e4 41. Bd1 Kf6 42. Ra2 fxg4 43. hxg4 Ke5 44. Rc2 Kd4 45. Ra2 Kd3 46. Be2+ Kc3 47. Bd1 Rf6 48. Ba4 Kd4 49. Bd7 Rf4 50. Re2 1/2-1/2